|
|
|
|
| LEADER |
00000nam0a2200000 4500 |
| 001 |
109443 |
| 005 |
20231031120023.0 |
| 010 |
|
|
|a 5935568039
|
| 035 |
|
|
|a (RuTPU)RU\TPU\book\118167
|
| 090 |
|
|
|a 109443
|
| 100 |
|
|
|a 20070208d2006 m y0rusy50 ca
|
| 101 |
0 |
|
|a rus
|
| 102 |
|
|
|a RU
|
| 105 |
|
|
|a y z 000ay
|
| 200 |
1 |
|
|a Земли Хайтаны
|e роман
|f А. Каменистый
|
| 210 |
|
|
|a Москва
|c Армада
|d 2006
|
| 215 |
|
|
|a 404 с.
|
| 225 |
1 |
|
|a Фантастический боевик
|
| 330 |
|
|
|a В одиночку прожить легче — природа легко прокормит маленькое поселение. Но катастрофа забросила землян не в лучшее место: здесь главный враг не природа и крошечной армии против него недостаточно. Горят поселки, вереницы пленников бесследно исчезают на землях Хайтаны, вражеский флот показывает всю свою мощь. Вопрос объединения становится вопросом выживания, но добиться его не легче, чем расправиться с армией хайтов.
|
| 610 |
1 |
|
|a русская литература
|
| 610 |
1 |
|
|a романы
|
| 610 |
1 |
|
|a фантастика
|
| 610 |
1 |
|
|a боевики
|
| 675 |
|
|
|a Р2
|v 3
|
| 700 |
|
1 |
|a Каменистый
|b А.
|g Артем
|
| 801 |
|
1 |
|a RU
|b 63413507
|c 20070208
|g PSBO
|
| 801 |
|
2 |
|a RU
|b 63413507
|c 20070214
|g PSBO
|
| 942 |
|
|
|c BK
|